[Event "EU-ch 1st"]
[Site "Saint Vincent"]
[Date "2000.07.11"]
[Round "8"]
[White "Milov, Vadim"]
[Black "Tregubov, Pavel V"]
[Result "1/2-1/2"]
[WhiteElo "2626"]
[BlackElo "2620"]
[Annotator "Tsesarsky,Ilya"]
[PlyCount "85"]
[EventDate "2000.07.03"]
[EventType "swiss"]
[EventRounds "11"]
[EventCountry "ITA"]
[SourceTitle "CBM 078"]
[Source "ChessBase"]
[SourceDate "2000.10.18"]
[SourceVersion "1"]
[SourceVersionDate "2000.10.18"]
[SourceQuality "1"]

1. d4 d5 2. c4 e6 3. Nf3 c6 4. Qc2 Nf6 5. Bg5 h6 6. Bxf6 Qxf6 7. Nbd2 {Another continuations are:} (7. e3 $11 Bd6 $5 (7... Nd7 $144 8. cxd5 exd5 9. Bd3 Bd6 10. O-O O-O 11. Nbd2 (11. Nc3 $142) 11... Qe7 12. Rab1 Nf6 {0-1 Kraidman,Y-Agdestein,S/Jerusalem 1986/ (48) - Good Carlsbad variation for Black}) 8. Nc3 O-O 9. Bd3 Nd7 10. O-O Qe7 11. e4 dxc4 12. Bxc4 e5 13. d5 Nb6 14. Bb3 Bg4 15. Nd2 $11 {0-1 Vernersson,P-Hector,J/Orebro SWE 2000/The Week in Chess 298 (32)}) (7. e4 $11 dxe4 8. Qxe4 Bb4+ 9. Nc3 c5 10. Rc1 (10. Bd3 cxd4 11. Nxd4 Bxc3+ 12. bxc3 a6 13. O-O Nd7 14. Bc2 Nc5 15. Qe3 O-O $11 {½-½ Giffard,N-Hagege,G/FRA-chT 1994/ (42)}) 10... cxd4 11. Nxd4 O-O 12. Bd3 Rd8 13. Qh7+ Kf8 14. Nde2 $132 {1-0 Garcia Gonzales,G-Bany,J/Polanica Zdroj 1987/ (40)}) (7. g3 $5 b6 (7... Nd7 8. Bg2 Bb4+ (8... dxc4 9. Qxc4 e5 10. dxe5 Nxe5 11. Nxe5 Qxe5 12. Bxc6+ $1 $16 {1-0 Yermolinsky,A-Kalikshteyn,A/New York Open 1993 (13)}) (8... g6 9. O-O Qf5 10. Qb3 Bg7 11. Nbd2 O-O 12. Rac1 Rd8 13. Rfd1 Nb6 $132 (13... e5 $2 $16 {1-0 Cvitan,O-Goloshchapov,A/Open, Cappelle la Grande FRA 1998 (25)}) 14. e3 $14 {[%csl Rc8]}) 9. Nc3 $6 $11 {-See comments to the game 0-1 Baumegger,S-Soln,P/Dresden 1998/CBM 65/[Tsesarsky] (32)}) 8. Bg2 Bb7 9. O-O Bd6 10. Nbd2 Nd7 11. e4 Qg6 12. Nh4 Qh7 13. Qa4 dxc4 14. Nxc4 $14 (14. e5 b5 15. Qa5 Bb8 $44 {1-0 Kabatenski,A-Fischer,M/Baden-Baden 1993/ (35)})) (7. a3 $5 Nd7 8. e4 dxe4 9. Qxe4 g6 10. Nc3 Bg7 11. h4 O-O 12. h5 e5 13. d5 Nc5 14. Qe3 Nb3 15. Ne4 Qf4 16. Qxb3 Qxe4+ 17. Be2 gxh5 18. Rxh5 cxd5 19. cxd5 Bg4 20. Rh4 h5 21. Rd1 $14 {0-1 Prie,E-Bacrot,E/Meribel FRA 1998/ (33)}) 7... Nd7 (7... Bd6 8. e4 $1 {If Black will play b4+ - it will be tempo loss!} dxe4 9. Nxe4 Bb4+ 10. Ke2 $1 Qe7 11. c5 $1 {[%csl Rb4]} O-O (11... Ba5 12. Nd6+ $16 {[%csl Re8]}) 12. Qa4 Na6 13. a3 b5 14. Qc2 (14. cxb6 f5 15. Ned2 $16) 14... Ba5 15. Ne5 Bd7 16. g3 Bc7 17. Bg2 Bxe5 18. dxe5 Nc7 19. Rhe1 $16 {1-0 Ivkov,B-Kchouk,B/Buenos Aires 1978/ (37)}) 8. e3 (8. g3 Bd6 (8... dxc4 9. Qxc4 (9. Bg2 Bb4 10. Qxc4 Qe7 11. O-O Bd6 12. Ne4 $14 {½-½ Schlosser,P-Godena,M/Horgen SKA 1994 (30)}) 9... Be7 10. Bh3 g5 11. Bg2 e5 12. Nxe5 Nxe5 13. dxe5 Qe6 (13... Qxe5 14. Bxc6+ $16) 14. O-O O-O 15. Qxe6 Bxe6 16. Ne4 $16 {1-0 Hjelm,N-Eriksson Joergen/Salongernas ELO-Turn 1996/ (38)}) 9. Bg2 O-O 10. O-O e5 11. cxd5 cxd5 12. dxe5 Nxe5 13. Nxe5 $5 (13. Nd4 $6 Be6 14. Rad1 (14. e3 Rac8 15. Qb3 Nc6 16. N2f3 Bc5 $132) 14... Rac8 15. Qb1 Bc5 16. Nxe6 fxe6 17. Nf3 Nxf3+ 18. Bxf3 Bd4 19. Rd2 $11 {½-½ Fominyh,A-Sandipan,C/Guntur, AP IND 2000/The Week in Chess 283/(73)}) 13... Bxe5 (13... Qxe5 14. Nf3 Qh5 15. Nd4 Be5 16. Rad1 Bh3 17. Bxh3 Qxh3 18. Qb3 $14) 14. Bxd5 $14) 8... g6 $5 {Black wants to develop f8 to g7. This plan also reliable (like 8...d6=)} ({Not bad is} 8... Bd6 $5 9. Bd3 Qe7 10. e4 dxe4 11. Bxe4 c5 12. O-O cxd4 13. Nb3 Nc5 14. Nbxd4 Nxe4 (14... a6 15. Rfe1 Qc7 16. Nf5 $14 {½-½ Goldin,A-Bareev,E/Podolsk tt(8) 1990/ (41)}) 15. Qxe4 O-O $11) (8... Qd8 {-See comments to the game 1-0 Neverov,V-Beshukov,S/Moscow 1998/CBM 63/[Tsesarsky] (39)}) 9. Bd3 $146 ({RR} 9. Be2 Bg7 10. O-O O-O 11. Rac1 Qe7 12. a3 dxc4 13. Nxc4 e5 14. Rfd1 exd4 15. Nxd4 Nf6 16. b4 c5 17. bxc5 Qxc5 18. Qb3 Qe7 19. Na5 Rd8 20. Bf3 Bg4 21. Qxb7 Qxa3 22. Nac6 Bxf3 23. gxf3 Rf8 {Bogdanovski,V (2435)-Stanojoski,Z (2411) Struga 2013 1-0 (32)}) ({RR} 9. Be2 Bg7 10. O-O O-O 11. Rfd1 Qe7 12. Rac1 dxc4 13. Nxc4 b6 14. Nce5 Nxe5 15. Nxe5 c5 16. Bf3 Bb7 17. Nc6 Bxc6 18. Bxc6 Rac8 19. d5 Rfd8 20. b3 Rd6 21. Rd2 Rcd8 22. Rcd1 h5 23. g3 h4 {Andreikin,D (2729)-Korobov,A (2664) chess.com INT 2023 1-0 (50)}) ({RR} 9. Be2 Bg7 10. O-O Qe7 11. e4 O-O 12. Rfe1 dxe4 13. Nxe4 e5 14. dxe5 Nxe5 15. Rad1 Nxf3+ 16. Bxf3 Qb4 17. b3 Bf5 18. Qd2 a5 19. Re2 Qxd2 20. Rdxd2 h5 21. Nd6 Bc3 22. Nxb7 Bxd2 23. Rxd2 a4 {Buscara,S (2205)-Solodovnichenko,Y (2515) Montpellier FRA 2026 0-1 (46)}) 9... Bg7 10. O-O O-O 11. cxd5 $6 $132 ({I would prefer} 11. e4 dxe4 12. Nxe4 Qe7 13. Rfe1 $14 {White has space advantage, but Black has not weaknesses and will try to realize plans connected with c6-c5 or e6-e5 promotions.}) 11... exd5 (11... cxd5 $6 12. Rfc1 $14 {[%csl Rc8]}) 12. b4 {This version of Carlsbad variation is not dangerous for Black.} Qd6 13. Rab1 a5 14. a3 axb4 15. axb4 b6 16. Rfc1 Bb7 17. e4 $5 (17. b5 $6 c5 18. dxc5 bxc5 $15) (17. Qb3 $11) 17... Rfc8 (17... dxe4 18. Bxe4 Rfc8 19. Nc4 Qe7 (19... Qf4 20. Nfe5 $1 Bxe5 21. dxe5 $14 {[%csl Rb6][%cal Gd7e5,Gc4b6]}) 20. b5 cxb5 21. Bxb7 Rxc4 22. Bxa8 Rxc2 23. Rxc2 $14) 18. e5 Qe7 19. h4 (19. Re1 $6 Nf8 20. Nb3 Ne6 21. Qd2 Ra4 $15) 19... Nf8 $1 {[%cal Gf8e6]} 20. h5 $5 {[%csl Rf5]} (20. Nf1 Ne6 21. Ne3 Ra3 $132) 20... g5 (20... gxh5 21. Nf1 Ne6 22. Ng3 $44) 21. Nf1 (21. Bf5 Ne6 22. Nf1 Ra3 23. Ng3 Rca8 24. Rb3 (24. Bh7+ Kh8 25. Nf5 Qc7 26. Nd6 Rxf3 27. gxf3 Nxd4 28. Qd3 Bxe5 29. Nxb7 Ra2 $17) 24... Rxb3 25. Qxb3 Nf4 26. Bg4 Bc8 27. Bxc8 Rxc8 28. Ra1 (28. Nf5 Qe6 29. Qc2 Bf8 30. Nh2 Nxh5 31. Ng4 c5 $17) 28... c5 $132) 21... g4 $2 $16 {[%csl Rg4] Not necessary promotion. g4 became weakness.} ({Right was} 21... Ne6 22. Ne3 Qd7 23. Bh7+ Kh8 24. Bf5 Ra3 $132) 22. N3h2 Ne6 $5 (22... Qg5 $5 23. Bf5 Ne6 24. Bxe6 $1 (24. Rd1 Qxh5 25. Bxg4 Qg5 $132) 24... fxe6 25. Qg6 $1 Qxg6 26. hxg6 h5 27. Ng3 h4 (27... Bh6 28. Rc3 Kg7 29. Nxh5+ Kxg6 30. Nf6 Ra2 31. Nhxg4 Bd2 32. Rh3 $16) 28. Nh5 g3 29. fxg3 hxg3 30. Ng4 $16 {[%cal Gb1b3,Gb3g3]}) 23. Nxg4 $4 $17 {Terrible move} ({Why not} 23. Rd1 $1 {[%csl Gd4,Rg4]} Qg5 24. Ng3 Rc7 {[%cal Gc6c5]} 25. Bh7+ Kh8 26. Bf5 c5 27. bxc5 bxc5 28. Nxg4 cxd4 29. Qd2 (29. Qxc7 Nxc7 30. Rxb7 Ne6 31. Rxf7 Nf4 32. Nh2 {[%cal Gh2f3]} Qd8 33. Bb1 Ne6 34. Nf3 Ra1 $132) 29... Nf4 30. Qxd4 Nxh5 31. Nxh5 Qxh5 32. Qb6 Re7 33. Qd6 Qg5 34. Bd7 $16) 23... Qg5 {[%csl Rd4,Rh5]} 24. Qd1 (24. Nfe3 Nxd4 25. Bh7+ Kh8 $17) 24... Nxd4 $1 25. Bh7+ Kxh7 26. Qxd4 Ba6 (26... Qxh5 $1 27. Ng3 (27. Qxb6 Qxg4 28. Qxb7 Qe6 29. f4 Qf5 $17) 27... Qg6 28. Qxb6 Qxg4 29. Qxb7 Qg6 $17 {[%csl Gc6,Re5,Gf7]}) 27. Nfe3 Be2 28. Re1 Bxg4 29. Nxg4 Qxh5 $17 30. Rb3 (30. f3 b5 $17) 30... Re8 (30... c5 $1 31. bxc5 bxc5 32. Qf4 Qg6 33. Rg3 Qe6 $17) 31. Rh3 Qf5 (31... Qg6 32. Rg3 Qe6 $17) 32. Rf3 Qh5 $2 $11 {Maybe time pressure?} (32... Qg6 $1 33. Nf6+ (33. Rg3 Qe6 $17) 33... Bxf6 34. Rxf6 Qxf6 35. exf6 Rxe1+ 36. Kh2 Re6 37. Qxb6 Kg6 $17) 33. Nf6+ $1 Bxf6 34. Rxf6 Re6 $6 $14 (34... Rac8 $142 $1 35. b5 cxb5 36. Qxd5 Rc5 $1 37. Qe4+ (37. Rxf7+ Kg8 38. Rf5+ Rxd5 39. Rxh5 b4 $132) (37. Qxf7+ Qxf7 38. Rxf7+ Kg8 39. Rf5 b4 40. f4 b3 41. Rb1 Rb5 42. Kf2 Rf8 43. Rxf8+ Kxf8 $44) 37... Kg7 38. f4 $44) 35. Rxe6 fxe6 36. Qxb6 Rg8 37. Qxc6 $6 (37. g3 $1 Qf3 38. Re3 Qd1+ 39. Kg2 Qc2 40. Qd4 $14) 37... Qg4 $1 {[%csl Rb4,Rg2]} 38. g3 (38. Qc2+ Kh8 39. f3 Qxb4 $11) 38... Qxb4 39. Re3 (39. Rc1 Qb2 $11) 39... Qg4 40. Qc2+ Qg6 41. Qxg6+ Rxg6 42. Kg2 h5 43. Kh3 1/2-1/2

[Event "World-ch Tournament"]
[Site "Mexico City"]
[Date "2007.09.24"]
[Round "10"]
[White "Aronian, Levon"]
[Black "Grischuk, Alexander"]
[Result "1-0"]
[WhiteElo "2750"]
[BlackElo "2726"]
[Annotator "Marin,Mihail"]
[PlyCount "83"]
[EventDate "2007.09.13"]
[EventType "tourn"]
[EventRounds "14"]
[EventCountry "MEX"]
[EventCategory "21"]
[SourceTitle "CBM 120"]
[Source "ChessBase"]
[SourceDate "2007.10.02"]
[SourceVersion "1"]
[SourceVersionDate "2007.10.02"]
[SourceQuality "1"]

1. d4 {Aronian,Levon} Nf6 2. c4 e6 3. Nf3 d5 4. Bg5 h6 5. Bxf6 Qxf6 6. Nbd2 $5 ({A rare move, avoiding the topical Moscow variation, which would arise by transposition after Una jugada poco frecuente, evitando la variante Moscú, a que se llegaría por transposición después de} 6. Nc3 c6 {. After the game move, play will take a very original course. . Después de la jugada del texto, el juego tomará un curso muy original.}) 6... Nd7 (6... c5 $5 7. e4 $5 (7. cxd5 cxd4 $5 8. Rc1 {is another way to develop White's initiative.}) 7... cxd4 8. cxd5 exd5 ({Safer would be} 8... e5 {, when after} 9. Bb5+ Bd7 10. Qb3 $14 {White's control on the light squares would offer him the more pleasant position.}) 9. exd5 Nd7 10. Qa4 $6 ({White should have completed his development as soon as possible with} 10. Bb5 $1 {, when the exposed position of the enemy queen could tell. In case of} Qe7+ 11. Kf1 $1 {White has the right to castle, but Black's development is also delayed, while the alignment of the black Royal pair on the e-file is dangerous.}) 10... Bd6 11. Qxd4 O-O 12. Qxf6 Nxf6 13. Bc4 Re8+ 14. Kf1 a6 15. a4 Bd7 $15 {Steiner,H-Lasker,Ed/New York 1931/HCL (0-1, 35). with more than enough compensation for the pawn.}) (6... c6 7. Qb3 Nd7 8. g3 Qd8 9. Bg2 Be7 10. O-O O-O 11. e4 dxc4 12. Nxc4 b6 13. Rfd1 Bb7 {Endzelins,L-Unzicker,W/Augsburg 1946/EXT 2001 (½-½, 20)} 14. Na5 $5 $14 {Anyway, this was a game played long before the Moscow variation became fashionable and the specialists would remark that not all the moves have been consequent.}) (6... dxc4 {faces White with a difficult psychological problem: which piece is best suited to capture on c4? The only thing is that all the 3 possible answers are correct!!} 7. e3 ({A continuation in the spirit of the Catalan defence would be} 7. Qa4+ c6 8. Qxc4 Nd7 9. g3 Qe7 10. Bg2 Qb4 11. Qc2 Be7 12. O-O O-O 13. Rfd1 a5 14. Nc4 Rd8 15. a3 Qb5 16. e4 $14 {Rausis,I (2490)-Manninen,M (2380)/Jyvaskyla 1996/EXT 98 (1-0, 33)}) 7... g6 {An over-refined move. White is waiting for ...g7 before capturing with the knight.} 8. Rc1 (8. Bxc4 Bg7 9. O-O O-O 10. b4 Qe7 11. Rb1 Nd7 12. Qc2 c6 13. a4 {Nikolic,P (2631)-Roiz,M (2605)/Valjevo 2007/CBM 119 (½-½, 86). White has the usual advantage of space, as in the Moscow Variation. The knight is not so active on d2, but it can go to b3, while the bishop has captured on c4 without loss of time.}) 8... Nd7 {Black has good nerves, too.} 9. Nxc4 Bb4+ $6 {Not really logical after ...g6. The dark squares will remain weak now.} (9... Bg7 10. Bd3 O-O 11. O-O $14 {The knight stands well on c4, because it prevents ...e5.}) 10. Ncd2 c6 11. a3 Bxd2+ 12. Nxd2 O-O 13. Bc4 b6 14. O-O Bb7 15. b4 $14 {Nikolic,P (2631)-Pavasovic,D (2567)/Valjevo 2007/CBM 119 (1-0, 35)}) ({RR} 6... g6 7. Qc2 Qe7 8. g3 Bg7 9. Bg2 O-O 10. Rc1 c5 11. cxd5 cxd4 12. Qxc8 Rxc8 13. Rxc8+ Kh7 14. h4 Bf6 15. Ne4 exd5 16. Nxf6+ Qxf6 17. O-O Kg7 18. Rfc1 d3 19. exd3 Qxb2 20. Re1 Qxa2 21. g4 {Bu Xiangzhi (2676)-Hovhannisyan,R (2607) Benasque ESP 2023 1-0 (39)}) 7. g3 (7. Rc1 {is aimed to force Black take a decision on the queenside before White proceeds with his kingside development.} c6 (7... c5 {is entirely possible, but justifies the delay of the decision on the kingside by allowing} 8. cxd5 exd5 9. e3 b6 10. Bb5 {[%csl Gc5]}) 8. g3 Qe7 9. Bg2 g6 10. O-O Bg7 11. e4 dxe4 12. Nxe4 Nf6 13. Nc5 O-O 14. b4 Rd8 15. Qb3 Qc7 {Nikolic,P (2626)-Motylev,A (2662)/Germany 2006/CBM 116 (0-1, 46)}) ({RR} 7. Rc1 c6 8. a3 g5 9. h3 ({RR} 9. e3 Bg7) ({RR} 9. e4 g4 10. e5 Qd8 ({RR} 10... Qf5 11. Ng1 ({RR} 11. Nh4 Qf4 12. Nb3 Be7) 11... c5 12. cxd5 cxd4 13. dxe6 Qxe5+ 14. Qe2 fxe6) 11. Ng1 Qb6 12. Nb3 a5 ({RR} 12... c5 13. Bd3 cxd4 14. f4) 13. c5 Qd8 14. Nd2 Rg8) 9... h5 10. cxd5 ({RR} 10. e4 g4 11. e5 Qg7) 10... exd5 11. e4 g4 12. e5 Qg7 13. Nh4 Qg5 14. g3 f6 15. e6 Nb6 16. Rc3 ({RR} 16. Bd3 Bxe6 17. Ng6 Rg8) 16... Bxe6 17. Re3 Kd7 ({RR} 17... Qg8 18. Ng6 Bh6 ({RR} 18... Qxg6 19. Bd3 f5 20. hxg4) 19. Nxh8 Bxe3 20. fxe3 Qxh8 21. hxg4 Qg7 22. g5) 18. Bd3 Re8 ({RR} 18... Nc4 19. Bxc4 dxc4 20. Ne4 Qa5+ 21. Kf1) ({RR} 18... Bd6 19. Rxe6 Kxe6 20. Nf5 Kd7) 19. Ng6 Rg8 ({RR} 19... Nc4 20. h4 Qh6 ({RR} 20... Nxe3 21. Qb3 Qh6 22. Qxb7+ Kd6 23. Nxh8) 21. Nxc4 dxc4 22. d5) 20. Nf4 Bh6 ({RR} 20... Bf7 21. Rxe8 Kxe8 22. hxg4 Qxg4 23. Be2 Qd7 24. Bxh5 Bd6) 21. Bh7 Rgf8 {Aronian,L (2739)-Anand,V (2799) Nice 2008 CBM 123 Extra [Aronian,Levon] 1-0 (50)} ({RR} 21... Rg7 22. h4 Qxf4 23. gxf4 Rxh7 24. Nb3) {RR} 22. Bg6 Bf7 23. h4 Qxg6 24. Nxg6 Bxg6) 7... g5 $5 {A far from one sided move. Black puts some additional pressure on White's centre and wins space on the kingside, but weakens the h5-and f5-squares The latter will become important if Black will have to play ...exd5 at some moment.} (7... g6 {is likely to more or less transpose to Nikolic-Motylev or Endzelins-Unzicker.}) 8. h3 Bg7 ({One possible justification for the previous move would be} 8... h5 $5 {.}) 9. Rc1 $146 ({RR} 9. Bg2 O-O 10. O-O c5 11. e3 b6 12. cxd5 exd5 13. Nb1 Bb7 14. Nc3 Rfd8 15. Qd2 Rac8 16. Rad1 Nf8 17. Ne5 cxd4 18. exd4 Ng6 19. Ng4 Qd6 20. Ne3 Ne7 21. f4 Rf8 22. fxg5 hxg5 23. Nf5 Nxf5 {Deviatkin,A (2543)-Potkin,V (2609) Moscow 2008 ½-½}) 9... c5 10. e3 O-O 11. Bg2 b6 (11... cxd4 12. exd4 e5 (12... b6 13. cxd5 exd5 14. O-O $14) 13. cxd5 exd4 14. O-O Nb6 15. Nb3 Nxd5 16. Nfxd4 $14 {Black will need some effort to complete his development, while the weakness of the f5-square will always be there. However, his pair of bishops offers him counter-chances.}) 12. cxd5 exd5 13. O-O Bb7 14. Re1 Rfd8 {Black has achieved an active version of the hanging pawns, but the evaluation of such positions is far from one-sided. White's structure is flexible and solid, which entitles him to hope for a favourable course of the game in the long run. Besides, Black's kingside contains chronic weaknesses on the light squares. White's main concern for the time being should be the activation of his queen's knight, which does not put any kind of pressure on Black's position and stands in the way of his own pieces at the same time. Las negras lograron una forma bastante activa de los peones colgados, pero la evaluación de este tipo de posiciones suele ser lejos de unilateral. La estructura de las blancas es sólida y flexible, lo que les permite contar con un curso favorable del juego a largo plazo. Además, el flanco de rey negro contiene debilidades crónicas sobre casillas blancas. En este momento, la principal taréa de las blancas es encontrar una forma de activar a su caballo de dama, que no ejerce ningún tipo de presión sobre el centro enemigo y se encuentra en el camino de sus próprías figuras al mismo tiempo.} 15. g4 $5 ({A creative solution to the aforementioned task. Aronian intends to transfer his knight to f5 or, eventually, h5. The standard manoeuvre would be Una solución creativa al problema anteriormente mencionado. Aronian quíere trasladar el caballo a f5 o h5.La solución tradicional sería} 15. Nb1 {followed by c3, increasing the pressure against the d5-pawn. seguído por c3, aumentando la presión sobre el peón de d5.}) 15... h5 $5 ({Ambitious and... risky. Black intends to deny the knight's access to g3 with ...h4. After the more restrained Ambicioso y... arriesgado. las negras quíeren denegar el acceso del caballo enemigo a g3. Después de la más prudente} 15... Qe6 16. Nf1 f5 {White would consolidate his g4-pawn with las blancas consolidarían el peón de g4 con} 17. N3h2 {, followed by g3-f5 anyway. However, the final evaluation of the resulting position would be uncertain, because the other knight would remain passive for a while. seguído por g3-f5 de toda forma. Sin embargo, la evaluación final de la posición quedaría incierta, porque el otro caballo estaría algo pásivo.}) 16. gxh5 $1 {The only way to question the viability of Black's plan. This self-disruption of the structure might look like a strategic concession, but Aronian correctly anticipated that his knights will get additional possibilities on the kingside. Besides, the apparently doomed h-pawn could play an important part in certain cases. La única forma de cuestionar la correctitud del plan delas negras. La auto-destrucción de la estructura de las blancas puede parecer como una concesión estratégica, pero Aronian intuyó muy bien que ahora sus caballos obtendrán posibilidades adicionales en el flanco de rey. Además, el aparentemente condenado peón de h podrá jugar un papel importante en ciertos casos.} Qh6 17. Nh2 Rac8 18. Ndf1 f5 19. Ng3 Qe6 20. Nf3 Qf6 {Black has managed to stabilize the kingside position, but White will open a new front on the opposite wing. La negras han estabilizado el flanco de rey, pero las blancas abrirán un nuevo frente en el centro.} 21. dxc5 bxc5 22. b4 $5 {Fighting for the d4-square. Luchando por la casilla de d4.} f4 $5 {As you can see, neither of the players is concerned about the material balance. Pawns are sacrificed nonchalantly for the sake of achieving certain strategic advantages. Como pueden ver, ningún de los jugadores no está demasiado preopupado por mantener el equílibrío material. Ambas partes entregan peones sin más, para llevar a cabo sus planes en forma óptima.} 23. exf4 gxf4 24. Nf1 c4 (24... cxb4 $5 {looks like a positional concession, but Black's queenside majority could be dangerous after simplifications.}) 25. N1h2 {Black's achievements in the centre are impressive, but the white knights exert irritating pressure on the kingside. One important element is the h5-pawn, which deprives the queen of the g6-square and is ready to advance to h6 at the most appropriate moment. Los logros de las negras en el centro son impresionantes, pero los caballos blancos ejercen una iritante presión en el flanco de rey. En elemento importante es la presencía del peón en h5, que denega el acceso de la dama en la casilla de g6 y amenaza con avanzar a h6 en cualquíer momento.} Qf5 $2 ({Black gives up the control of the d4-square too easily. In order to release White's pressure over the central pawns, he should have aimed to exchange rooks, for which Las negras levnatan el control sobre la casilla de d4 sin necesidad. Para rebajar la presión de las blancas sobre los peones centrales, sería necesarío el cambío de por lo menos un par de torres. Por esto,} 25... Re8 {strongly comes into consideration. merece sería atención.} 26. Rxe8+ (26. Ng4 Qf5) 26... Rxe8 27. Ng4 (27. Qa4 Bc6 $1) 27... Qf5 28. h6 (28. Nd4 Qxh5 $1 29. Nf6+ $2 Nxf6 $19) (28. Qa4 a6 $5) 28... Bh8 29. Nd4 Qf7 (29... Qg6 30. Qa4 $5) 30. Qd2 Ne5 $15) 26. Nd4 Qd3 27. Ne6 Qxd1 28. Rexd1 Ne5 $5 {Interesting, but not enough. Interesante pero no suficiente.} 29. Nxd8 Rxd8 30. Ng4 Nd3 31. Rxd3 $1 {Simplest. By returning the exchange, Aronian calms down the position, depriving Black of his main trump: the two connected passed pawns. Although there remain certain technical difficulties, White will convert his advantage quite confidently. Lo más sencillo. Al devolver la calidad, Aronian quita a las negras el orgullo de su posición: la pareja de peones centrales pasados. Aunque quedan ciertos detalles técnicos por resolver todavía, Aronian ganó con bastante confianza.} cxd3 32. Rd1 Bc8 33. Rxd3 d4 34. Be4 Ba6 35. Ra3 Be2 36. h6 Bh8 37. Rxa7 d3 38. h7+ Kf8 39. Bg6 d2 40. Rf7+ Ke8 41. Nf6+ Bxf6 42. Rg7+ 1-0